| 000 | 00774nam a2200253 i 4500 | ||
|---|---|---|---|
| 003 | DO-SdBNP | ||
| 005 | 20260116074610.0 | ||
| 007 | ta | ||
| 008 | 260116b2013 dr ||||| |||| 00| 0 spa d | ||
| 040 |
_aDO-SdBNP _bspa _cBNPHU _erda |
||
| 041 | _aspa | ||
| 082 | 4 |
_axxx _bxxx _222 |
|
| 100 | 1 |
_aEspinal, Rosario, _d1955- _4aut. _943869 _eautor |
|
| 245 | 1 | 0 |
_aGenero y cultura política / _cRosario Espinal |
| 264 | 1 |
_aSanto Domingo, República Dominicana : _bColectiva Mujer y Salud, _c2013. |
|
| 300 |
_a87 páginas ; _c28 cm. |
||
| 336 |
_atexto _btxt _2rdacontent |
||
| 337 |
_asin mediación _bn _2rdamedia |
||
| 338 |
_avolumen _bnc _2rdacarrier |
||
| 504 | _aBibliográfia : páginas 82-87 | ||
| 590 | _aInventariado, 2026/BT | ||
| 910 | _aBtavárez | ||
| 942 |
_2ddc _cLBS1 |
||
| 999 |
_c60106 _d60106 |
||